000 00783nam a2200205Ia 4500
999 _c34442
_d34442
001 185
003 GE_BSU
005 20250317111019.0
008 181216s2003||||ge |||||||||||||| ||geo||
020 _a9994010336
040 _cGE_BSU
041 _ageo
080 _a539.1 ნ–63
100 _aნიკობაძე, გივი
_914539
245 _aსამყაროს ფარული განზომილებები /
_cგივი ნიკობაძე ; [გამომც. : კახმეგ კუდავა].
264 _aთბილისი :
_bინტელექტი,
_c2003.
300 _a30 გვ. :
_bნახ. ;
_c20 სმ.
653 _aმაღალი ენერგიების ფიზიკა
942 _cBK
_2udc